| 000 | 00000nam 2200000za 4500 |
| 001 | 9.643166 |
| 003 | CaOODSP |
| 005 | 20220920113454 |
| 007 | cr ||||||||||| |
| 008 | 150407|1994||||xxc|||||o f|0| 0 fre d |
| 040 | |aCaOODSP|bfre |
| 043 | |an-cn--- |
| 086 | 1 |aEn108-4/21-1994F-PDF |
| 110 | 1 |aCanada.|bConseil canadien des ministres de l'environnement. |
| 245 | 10|aCode de recommandations techniques pour la protection de l'environnement applicable aux systèmes de stockage hors sol de produits pétroliers / |h[ressource électronique]|cpublié par le Groupe de travail national sur les réservoirs de stockage pour le Conseil canadien des ministres de l'environnement. |
| 260 | |aWinnipeg - Manitoba : |bConseil canadien des ministres de l'environnement |cAoût 1994. |
| 300 | |a74p.|bglossaire |
| 546 | |a(Abstract in English). |
| 590 | |a14-09-Supp|b2014-04-23 |
| 691 | 07|aNorme relative à l'environnement|2gcpds |
| 775 | 08|tEnvironmental code of practice for aboveground storage tank systems containing petroleum products / |w(CaOODSP)9.699211 |
| 794 | |tCode de recommandations techniques pour la protection de l'environnement applicable aux systèmes de stockage hors sol et souterrains de produits pétroliers et de produits apparentés |w(CaOODSP)9.641780 |
| 856 | 40|ahttp://publications.gc.ca|qPDF|s3.18 Mo|uhttps://publications.gc.ca/collections/collection_2014/ec/En108-4-21-1994-fra.pdf |
| 986 | |aCCME-EPC-LST-71F |